000 01010nab a22002297a 4500
999 _c6571
_d6571
003 OSt
005 20260224131611.0
008 190506c xxu||||| |||| 00| 0 spa d
040 _cPJ
100 _97146
_aGelvez, Claudia M. M.
245 1 0 _aTeletrabajo e implementación del sistema híbrido en el ámbito judicial /
_cClaudia M. M. Gelvez.
260 _aBuenos Aires :
_bAbeledoPerrot,
_c2024.
300 _ap. 19-24
500 _aCita: TR LALEY AR/DOC/2546/2024.
505 _aSumario: I. Introducción.— II. Desarrollo.— III. Régimen legal del contrato de teletrabajo. Modalidad de teletrabajo.— IV. Conclusión.— V. Bibliografía.
505 _t¿Te interesa el texto completo? Comunicate al correo: koha@justierradelfuego.gov.ar
650 0 _91316
_aDERECHO LABORAL
650 0 _94439
_aTELETRABAJO
650 0 _9217
_aPODER JUDICIAL
773 0 _02751
_93202
_dBuenos Aires : AbeledoPerrot, 2013-
_tRevista de derecho laboral y seguridad social. Nº 22 - Noviembre 2024
942 _2udc
_cANA